| 000 | 00714nam a2200193 i 4500 | ||
|---|---|---|---|
| 001 | 187024 | ||
| 003 | SpMaBN | ||
| 005 | 20230906222811.0 | ||
| 008 | 170403s1991 sp |||| | spa d | ||
| 020 | _a84-7719-277-4 | ||
| 080 | _a316.77"05/15" | ||
| 100 | 1 |
_aGarcía Lobo, Vicente. _9162261 |
|
| 245 | 1 | 4 |
_aLos medios de comunicación social en la Edad Media _b: la comunicación publicitaria : lección inaugural curso académico 1991-92 / _cVicente García Lobo. |
| 260 |
_aLeón : _bUniversidad, Secretariado de Publicaciones, _c1991. |
||
| 300 |
_a52 p. ; _c24 cm. |
||
| 650 | 7 |
_aMedios de comunicación social- _vHistoria. _9162262 |
|
| 710 | 2 |
_aUniversidad de León. _97200 |
|
| 852 |
_aES-MaACL _jL-31345 |
||
| 999 |
_c187024 _d187024 |
||